Pioneros : (Record no. 105935)

MARC details
000 -LEADER
campo de control de longitud fija 01064cam a22003257a 4500
003 - IDENTIFICADOR DE NÚMERO DE CONTROL
campo de control BJBSDDR
005 - FECHA Y HORA DE LA ÚLTIMA TRANSACCIÓN
campo de control 20230411085703.0
007 - CAMPO FIJO DE DESCRIPCIÓN FÍSICA--INFORMACIÓN GENERAL
campo de control de longitud fija ta
008 - DATOS DE LONGITUD FIJA--INFORMACIÓN GENERAL
campo de control de longitud fija 090523s2008 dr ab 000 0 spa
020 ## - NÚMERO INTERNACIONAL ESTÁNDAR DEL LIBRO
Número Internacional Estándar del Libro 9789945162264
020 ## - NÚMERO INTERNACIONAL ESTÁNDAR DEL LIBRO
Número Internacional Estándar del Libro 9945162268
035 ## - NÚMERO DE CONTROL DEL SISTEMA
Número de control de sistema (PR-SjLB)dh0905942808
040 ## - FUENTE DE CATALOGACIÓN
Centro catalogador/agencia de origen DLC
Centro/agencia transcriptor DLC
Lengua de catalogación spa
041 ## - CÓDIGO DE IDIOMA
Código de lengua del texto/banda sonora o título independiente spa
050 14 - SIGNATURA TOPOGRÁFICA DE LA BIBLIOTECA DEL CONGRESO
Número de clasificación 118 CS 2748
Número de ítem G182p 2008
082 00 - NÚMERO DE LA CLASIFICACIÓN DECIMAL DEWEY
Número de clasificación 929.2
100 1# - ENTRADA PRINCIPAL--NOMBRE DE PERSONA
Nombre de persona Galván, William,
Fechas asociadas al nombre 1953-
245 10 - MENCIÓN DEL TÍTULO
Título Pioneros :
Resto del título de agricultores a comerciantes /
Mención de responsabilidad, etc. William Galván.
260 ## - PUBLICACIÓN, DISTRIBUCIÓN, ETC.
Lugar de publicación, distribución, etc. Santo Domingo, R.D. :
Nombre del editor, distribuidor, etc. [s.n.],
Fecha de publicación, distribución, etc. 2008
Lugar de fabricación/manufactura (Santo Domingo, R.D. :
Fabricante Editora Búho)
300 ## - DESCRIPCIÓN FÍSICA
Extensión 214 p. :
Otras características físicas ill., map ;
Dimensiones 24 cm.
600 04 - PUNTO DE ACCESO ADICIONAL DE MATERIA--NOMBRE DE PERSONA
Nombre de persona Galván (Familia)
Subdivisión geográfica República Dominicana
600 04 - PUNTO DE ACCESO ADICIONAL DE MATERIA--NOMBRE DE PERSONA
Nombre de persona Galván (Familia)
Subdivisión general Genealogía
650 #4 - PUNTO DE ACCESO ADICIONAL DE MATERIA--TÉRMINO DE MATERIA
9 (RLIN) 17632
Término de materia o nombre geográfico como elemento de entrada Agricultores
Subdivisión geográfica República Dominicana
651 #0 - PUNTO DE ACCESO ADICIONAL DE MATERIA--NOMBRE GEOGRÁFICO
9 (RLIN) 17633
Nombre geográfico República Dominicana
Subdivisión general Genealogía
653 01 - TÉRMINO DE INDIZACIÓN--NO CONTROLADO
Término no controlado Galvan family
653 05 - TÉRMINO DE INDIZACIÓN--NO CONTROLADO
Término no controlado Dominican Republic
653 00 - TÉRMINO DE INDIZACIÓN--NO CONTROLADO
Término no controlado agriculture;
-- commerce;
-- farmers
906 ## - ELEMENTOS DE DATOS F LOCAL, LDF (RLIN)
a 7
b cbc
c origres
d 4
e ncip
f 20
g y-gencatlg
942 ## - ELEMENTOS DE ENTRADA SECUNDARIOS (KOHA)
Fuente del sistema de clasificación o colocación Clasificación de Library of Congress
Tipo de ítem Koha Libro
Holdings
Estatus retirado Estado de pérdida Estado de daño No para préstamo Colección Biblioteca de origen Biblioteca actual Ubicación en estantería Fecha de adquisición Signatura topográfica completa Código de barras Visto por última vez Copia número Tipo de ítem Koha
        Recursos Regionales Biblioteca Juan Bosch Biblioteca Juan Bosch Recursos Regionales (2do. Piso) 11/04/2023 118 CS 2748 G182p 2008 00000072641 17/02/2019 1 Libro